| 000 | 00550nam a22001697a 4500 | ||
|---|---|---|---|
| 003 | PILC | ||
| 005 | 20150519154527.0 | ||
| 008 | 150519b xxu||||| |||| 00| 0 eng d | ||
| 020 | _a9716857320 | ||
| 050 |
_aQA 39.2 _b.M314 2011 |
||
| 100 | _aMarcelino, Daisy De Borja. | ||
| 245 |
_aContemporary mathematics / _cDaisy De Borja, Shirlee Remoto ; coordinator Gladys C. Nivera. |
||
| 260 |
_aQuezon City : _bLorimar Publishing, Inc., _c2011. |
||
| 300 |
_aviii, 406 pages : _billustrations ; _c24 cm. |
||
| 650 | _aMathematics. | ||
| 942 |
_2lcc _cBK _kFIL |
||
| 999 |
_c284023 _d284023 |
||